00811nam a2200217Ia 450000500170000000800410001702000220005804100080008008200170008810000260010524501070013126000370023830000090027550000220028465000290030670000620033590600080039794200070040599900170041295201640042920230308151002.0230125s9999 xx 000 0 und d a978-93-81075-82-1 aeng a658.421bDEV aDevi S A, Ed.9115610 aWomen EntrepreneurshipbFinancial Inclusion and Micro Financing for Self Help Groups In Andhra Pradesh c2012bBS PublicationsaHyderabad a386p aEntrepreneurship  aEntrepreneurship9109338 aDevi S A, Ed.; Sastry B V H K, Ed. & Rao S S, Ed.9115611 b249 cBK c93408d93408 00104070aHIMRbHIMRd2015-03-31ePritam Book Centreg995.00i9419l0o658.421 DEV B13518pHIMR-BK-13518r2023-01-25 00:00:00v746.00w2015-03-16yBKzB13518